000 01306nam a2200349 a 4500
001
003 DO-SdBPM
005 20251126110909.0
007 ta
008 100203s2001 dr 000 0 spa d
020 _a9993439053
040 _aDO-SdBPM
_bspa
_cBPMSU
_erda
082 4 _aRD860.44
_bC422m 2001
_222
100 1 _aCéspedes, Diógenes,
_d1941-
245 1 0 _aMemorias contra el olvido :
_bautobiografía literaria (1947-1995) /
_cDiógenes Céspedes.
264 _aSanto Domingo :
_bLibrería La Trinitaria,
_c2001.
300 _a542 páginas ;
_c23 cm.
336 _atexto
_btxt
_2rdacontent
337 _asin mediación
_bn
_2rdamedia
338 _avolumen
_bnc
_2rdacarrier
500 _aIncluye datos biográficos del autor en las solapas.
500 _aIncluye referencias bibliográficas y notas al pie de las páginas.
520 _a" Estas memorias fueron publicadas en forma de artículos en el periódico El Siglo ".
590 _aInventariado, 2021/VM
650 7 _aAutores dominicanos
_ySiglo xx
_vBiografías
650 7 _aCrítica literaria
_xRepública dominicana
650 7 _aLiteratura dominicana
_xHistoria y crítica
650 7 _aArtículos de prensa
730 1 2 _aEl Siglo (República Dominicana)
910 _aVMateo V. Control de calidad. BPMSU
942 _2ddc
_cBK
999 _c13694
_d13694